| 000 | 00612nam a2200217 a 4500 | ||
|---|---|---|---|
| 005 | 20220909064339.0 | ||
| 008 | 090319s2006 mx r 000 0 spa d | ||
| 020 | _a849660103X | ||
| 035 | _aUPN01000169941 | ||
| 049 | _aCG | ||
| 050 | 4 |
_aPQ2712 E4.6 _bA3.4 |
|
| 100 | 1 |
_aLelorain, Patrice, _d1955- |
|
| 245 | 1 | 0 |
_aAdiós / _cPatrice Lelorain ; tr. Mercedes Rosa. |
| 260 |
_aMadrid : _bFunambulista, _c2006. |
||
| 300 | _a137 p. | ||
| 440 | 4 | _aLos intempestivos | |
| 534 |
_pTítulo original : _tAdieux |
||
| 650 | 0 |
_aLiteratura francesa _95152 |
|
| 650 | 0 |
_aRelación padres-hijos _91359 |
|
| 905 | _aLibro | ||
| 999 |
_c142047 _d142047 |
||